000 00854nam a2200253Ia 4500
003 GCL
008 140319s9999 xx 000 0 ara d
040 _aGCL /
_cGCL
082 0 4 _aق
_b962
_bع ب
100 1 _aعلى زين العابدين مبارك
245 1 0 _aبطولات من الريف /
_cعلى زين العابدين مبارك
300 _a90 ص
490 _aاخترنا للفلاح
_v0
650 0 4 _aمصر
650 0 4 _aتاريخ
650 0 4 _aالمقاومة الشعبية
650 0 4 _aالحياة الريفية
650 0 4 _aمحمد عبده (الامام)
650 0 4 _aزفتى
650 0 4 _aسليمان الحلبى
650 0 4 _aمصر - تاريخ - العصر الحديث - ثورة 1919
650 0 4 _aمصر - تاريخ - العصر الحديث - الثورة العرابية
942 _2ddc
_cBK
999 _c39295
_d39295